000 00320nam a22001337a 4500
020 _qHB.
040 _cFIZZA ISHAQ
082 _a530
_bMOR
100 _aSERWAY,HOMYK MORIGN.
_9130717
245 _aPRINCIPAL OF PHYSICS /
_cMORIGN HOMYK SERWAY.
260 _aUSA ;
_WILEY,
_c530.
300 _a772 P. ;
942 _2ddc
_cBK
999 _c614888
_d614888